000 02396nam a2200457 c 4500
003 BLK
005 20180422104939.0
008 180408b bul|||||r ||||||| ||bul||
010 _aKNG00099683000
040 _aBLK
041 _aBUL
_cBUL
080 _aТеатрална и сценична техника - Осветление, машинно оборудване на сцената, техн. работници и др.
_b792.02
_x(47+57)
_z792.02(47+57)
080 _aТеатрални професии. Театрален говор
_b792.07
_x(47+57)
_z792.07(47+57)
100 1 _aМейерхолд, Всеволод Емилиевич
_eпърви автор
_994605
700 1 _aКонфорти, Йосиф Яков
_eсъстав.
_9306105
700 1 _aВладова, Марта Владимирова
_eпрев. от рус.
_9371852
139 _aМейерхолд, Всеволод Емилиевич
_bМ 45
245 1 0 _aСтатии, писма, речи
_cВсеволод Емилиевич Мейерхолд; състав. Йосиф Яков Конфорти; прев. от рус. Марта Владимирова Владова.
257 _aSUN
260 София
_bНаука и изкуство
_c1984
300 _a510 с.
_c21 см
380 _a7
490 1 _aБиблиотека Театър XX век
500 _aПрев. е направен от Статьи, письма, речи и беседы : 2 т. / В. Е. Мейерхольд ; Творческое наследие В. Е. Мейерхольда ; Советский театр. Документы и материалы ; Литературное наследство / А. Чехов, сп. Новый мир, кн. 8, 1961 1 611 тир
600 1 4 _aМаяковски, Владимир Владимирович
_9369960
650 4 _aТеатър - Русия - история
_9302885
650 4 _aТеатър - СССР
_9306106
651 4 _aРусия
_9179465
651 4 _aСССР
_9179592
653 _aтеатър
653 _aстатии
653 _aписма
653 _aречи
653 _aкоментари
653 _aтеатрална критика
852 _aЦб 125068
856 4 _qpdf
_u
856 4 _qpdf
_u
942 _cKNG
_n0
944 _aCR
_c18.02.2011
_lф / 17.02.2011
_kНаталия_Любомирова
944 _aED
_c07.04.2017
_lф / 17.02.2011
_kЛюдмила_Стоянова
999 _c94853
_d94853